[Event "FIDE Womens Grand Swiss 2021"]
[Site "Riga"]
[Date "2021.10.29"]
[Round "3.3"]
[White "Batsiashvili, Nino"]
[Black "Zhu, Jiner"]
[Result "1/2-1/2"]
[WhiteElo "2484"]
[BlackElo "2455"]
[Annotator "ChessBase"]
[PlyCount "125"]
[EventDate "2021.10.27"]
[EventType "swiss"]
[EventCountry "LAT"]
[Tiebreak "Cut1 Buchholz+Sonneborn-Berger (Swiss)"]
[SourceTitle "playchess.com"]
[Source "ChessBase"]
[SourceQuality "1"]
[TimeControl "40/6000+30:20/3000+30:900+30"]

1. d4 {[%emt 0:10:03]} Nf6 {[%emt 0:10:08]} 2. c4 {[%emt 0:00:04]} e6 {[%emt 0:
00:06]} 3. Nf3 {[%emt 0:00:13]} d5 {[%emt 0:00:11]} 4. Nc3 {[%emt 0:00:05]} c5
{[%emt 0:00:17]} 5. e3 {[%emt 0:01:29]} Nc6 {[%emt 0:00:14]} 6. a3 {[%emt 0:01:
07]} a6 {[%emt 0:00:33]} 7. b3 {[%emt 0:05:44]} Be7 {[%emt 0:06:50]} 8. Bb2 {
[%emt 0:02:59]} O-O {[%emt 0:01:15]} 9. Bd3 {[%emt 0:00:21]} cxd4 {[%emt 0:02:
24]} 10. exd4 {[%emt 0:00:05]} b6 {[%emt 0:00:34]} 11. O-O {[%emt 0:00:34]} Bb7
{[%emt 0:00:18]} 12. Qe2 {[%emt 0:07:48]} Na5 {[%emt 0:10:46]} 13. cxd5 {
[%emt 0:13:56]} Nxd5 {[%emt 0:03:01]} 14. Nxd5 {[%emt 0:04:08]} Qxd5 {[%emt 0:
04:00]} 15. b4 {[%emt 0:11:02]} Nc6 {[%emt 0:04:10]} 16. Rad1 {[%emt 0:00:56]}
Bd6 {[%emt 0:02:10]} 17. Be4 {[%emt 0:03:18]} Qh5 {[%emt 0:00:17]} 18. h3 {
[%emt 0:04:13]} Rfe8 {[%emt 0:13:01]} 19. Qe3 {[%emt 0:02:28]} Rab8 {[%emt 0:
08:18]} 20. d5 {[%emt 0:08:34]} exd5 {[%emt 0:02:22]} 21. Rxd5 {[%emt 0:00:31]}
Qxd5 {[%emt 0:01:23]} 22. Bxd5 {[%emt 0:00:11]} Rxe3 {[%emt 0:00:07]} 23. fxe3
{[%emt 0:00:02]} Nd8 {[%emt 0:09:29]} 24. Bb3 {[%emt 0:02:06]} Bxf3 {[%emt 0:
10:54]} 25. gxf3 {[%emt 0:00:39]} Kf8 {[%emt 0:00:17]} 26. Rd1 {[%emt 0:00:27]}
Be7 {[%emt 0:02:03]} 27. Rd7 {[%emt 0:04:24]} Rb7 {[%emt 0:00:44]} 28. Rxb7 {
[%emt 0:04:07]} Nxb7 {[%emt 0:00:05]} 29. Bd4 {[%emt 0:00:51]} Bd8 {[%emt 0:01:
49]} 30. Kf2 {[%emt 0:00:16]} f6 {[%emt 0:01:15]} 31. e4 {[%emt 0:03:02]} Bc7 {
[%emt 0:01:13]} 32. Ke3 {[%emt 0:00:27]} Ke7 {[%emt 0:00:15]} 33. Bc4 {[%emt 0:
02:17]} a5 {[%emt 0:02:59]} 34. bxa5 {[%emt 0:06:22]} Nxa5 {[%emt 0:01:55]} 35.
Bd5 {[%emt 0:00:29]} Kd7 {[%emt 0:00:13]} 36. f4 {[%emt 0:03:46]} Nc6 {[%emt 0:
00:28]} 37. Bb2 {[%emt 0:00:10]} g5 {[%emt 0:02:54]} 38. Bxc6+ {[%emt 0:07:09]}
Kxc6 {[%emt 0:00:06]} 39. f5 {[%emt 0:01:12]} Bd8 {[%emt 0:00:13]} 40. e5 {
[%emt 0:00:45]} fxe5 {[%emt 0:01:50]} 41. Ke4 {[%emt 0:51:13]} h5 {[%emt 0:50:
49]} 42. Bxe5 {[%emt 0:00:24]} g4 {[%emt 0:01:01]} 43. hxg4 {[%emt 0:00:00]}
hxg4 {[%emt 0:00:00]} 44. Kf4 {[%emt 0:00:00]} Kd5 {[%emt 0:00:00]} 45. Bc3 {
[%emt 0:00:00]} b5 {[%emt 0:00:00]} 46. Kxg4 {[%emt 0:00:00]} Ke4 {[%emt 0:00:
00]} 47. Bd2 {[%emt 0:00:00]} Be7 {[%emt 0:00:00]} 48. Bb4 {[%emt 0:00:00]} Bf6
{[%emt 0:00:00]} 49. Bf8 {[%emt 0:00:00]} Bd8 {[%emt 0:00:00]} 50. Bg7 {
[%emt 0:00:00]} Be7 {[%emt 0:00:00]} 51. Bb2 {[%emt 0:00:00]} Bd8 {[%emt 0:00:
00]} 52. Bc3 {[%emt 0:00:00]} Be7 {[%emt 0:00:00]} 53. Bb4 {[%emt 0:00:00]} Bf6
{[%emt 0:00:00]} 54. Bd2 {[%emt 0:00:00]} Be7 {[%emt 0:00:00]} 55. Bc1 {
[%emt 0:00:00]} Ke5 {[%emt 0:00:00]} 56. Bb2+ {[%emt 0:00:00]} Ke4 {[%emt 0:00:
00]} 57. f6 {[%emt 0:00:00]} Bxf6 {[%emt 0:00:00]} 58. Bxf6 {[%emt 0:00:00]}
Kd5 {[%emt 0:00:00]} 59. Kf5 {[%emt 0:00:00]} Kc6 {[%emt 0:00:00]} 60. Ke6 {
[%emt 0:00:00]} Kb7 {[%emt 0:00:00]} 61. Kd6 {[%emt 0:08:06]} Ka8 {[%emt 0:00:
00]} 62. Kc6 {[%emt 0:00:08]} Ka7 {[%emt 0:00:00]} 63. Kxb5 {[%emt 0:00:07]}
1/2-1/2

[Event "FIDE Womens Grand Swiss 2021"]
[Site "Riga"]
[Date "2021.10.29"]
[Round "3.4"]
[White "Gunina, Valentina"]
[Black "Kosteniuk, Alexandra"]
[Result "1/2-1/2"]
[WhiteElo "2462"]
[BlackElo "2518"]
[Annotator "TA"]
[PlyCount "106"]
[EventDate "2021.10.27"]
[EventType "swiss"]
[EventCountry "LAT"]
[Tiebreak "Cut1 Buchholz+Sonneborn-Berger (Swiss)"]
[SourceTitle "playchess.com"]
[Source "ChessBase"]
[SourceQuality "1"]

{[%evp 13,106,8,10,7,14,0,0,0,32,-37,-43,-62,-65,-81,-22,-33,0,0,0,0,0,0,0,0,0,
0,0,-14,6,8,11,9,6,-21,-18,-33,0,0,0,0,0,0,0,-27,-28,-33,0,0,0,0,9,8,20,16,59,
8,8,0,0,0,0,0,0,0,0,-8,-8,-8,0,0,0,0,0,0,0,-8,0,0,0,0,0,0,0,0,0,-8,-8,-8,-8,-8,
-8,-8,-8,-8,-8]} 1. d4 Nf6 2. c4 e6 3. Nf3 d5 4. Nc3 Bb4 5. Qa4+ Nc6 {[%cal
Bb8c6,Bc6e5,Be5f3][%mdl 32]} 6. a3 Bxc3+ 7. bxc3 Bd7 8. cxd5 {D38: Queen's
Gambit Declined: Ragozin Defence (4 Nf3 Bb4).} exd5 9. Bg5 h6 10. Bh4 Ne5 {[#]}
11. Bxf6 $146 (11. Qb3 $14 Nxf3+ 12. gxf3) ({Predecessor:} 11. Qb3 Ng6 12. Bxf6
Qxf6 13. Qxb7 O-O 14. e3 Rab8 15. Qxc7 Qf5 16. Nd2 Rb2 17. Rc1 {0-1 (52)
Mirzoev,A (2438)-Piyumantha,M (2231) Dhaka 2021}) 11... Nxf3+ $15 ({Of course
not} 11... gxf6 12. Qb3 $14) 12. gxf3 Qxf6 13. Qb3 Qb6 (13... O-O $17) 14. Qb4
$11 Bf5 (14... Qg6 {keeps more tension.} 15. e3 b6 16. Rc1 a5 17. Qb3 Bc6) 15.
e3 O-O-O 16. Qxb6 axb6 17. Kd2 Kd7 18. c4 dxc4 19. Bxc4 Ke7 20. Rhc1 Rd7 21. e4
Be6 ({Reject} 21... Rxd4+ $6 22. Ke3 $18) 22. d5 c6 $1 {[%cal Rc6d5]} 23. Ke3
cxd5 24. Bb5 Rdd8 25. Rc7+ Kd6 26. Rxb7 {[#] Black must now prevent Rc1.} Rb8
27. Rxb8 Rxb8 {[%mdl 4096] Endgame KRB-KRB} 28. Rd1 Rc8 29. f4 {With the idea
f5.} f6 30. f5 Bf7 31. a4 Rc3+ 32. Kd4 $1 {[%cal Rd4c3]} Rb3 33. f3 dxe4 34.
fxe4 ({White should try} 34. Kxe4+ $14 Kc5 35. Rc1+ Kb4 36. Rc7) 34... Ke7 $1 {
The position is equal.} 35. Rc1 {[#] aiming for Rc7+.} Rb4+ 36. Ke3 Rb3+ 37.
Kf4 Bh5 {[%csl Gh5][%cal Rb3f3]} 38. e5 {Strongly threatening Rc7+.} Rb4+ 39.
Ke3 {And now Rc7+ would win.} fxe5 40. Rc6 $1 Rb3+ 41. Kd2 Bg4 42. Re6+ Kd8 43.
Rxe5 Rh3 44. Re8+ Kc7 45. Bd3 Kd6 46. Re6+ Kc5 {Hoping for ...Rxd3+!} 47. Re5+
Kd6 48. Rb5 Kc7 49. Be4 Bf3 50. Bxf3 Rxf3 51. a5 bxa5 52. Rxa5 Kd6 53. Ra7 Rxf5
{Weighted Error Value: White=0.07/Black=0.08} 1/2-1/2

[Event "FIDE Womens Grand Swiss 2021"]
[Site "Riga"]
[Date "2021.10.29"]
[Round "3.5"]
[White "Harika, Dronavalli"]
[Black "Stefanova, Antoaneta"]
[Result "1-0"]
[WhiteElo "2511"]
[BlackElo "2475"]
[Annotator "TA"]
[PlyCount "135"]
[EventDate "2021.10.27"]
[EventType "swiss"]
[EventCountry "LAT"]
[Tiebreak "Cut1 Buchholz+Sonneborn-Berger (Swiss)"]
[SourceTitle "playchess.com"]
[Source "ChessBase"]
[SourceQuality "1"]

{[%evp 16,135,18,17,17,17,40,38,36,34,18,0,0,0,0,0,0,0,0,-25,-25,-28,0,-14,0,
-11,-9,-25,-28,-81,-91,-88,-51,-42,0,0,-12,-27,14,15,14,13,12,21,21,13,18,8,7,
10,15,0,0,0,0,0,0,0,0,0,31,31,385,381,334,351,420,402,343,273,894,872,991,974,
950,939,515,906,723,734,702,675,677,682,679,661,669,665,661,660,643,642,588,
422,631,623,593,535,512,460,1159,942,29977,29978,29978,0,0,0,29980,29981,29981,
29982,29982,29983,29983,29984,29984,29985,29985,29986,29986,29987]} 1. e4 e5 2.
Nf3 Nc6 3. Bb5 a6 4. Ba4 Nf6 5. O-O b5 6. Bb3 Bc5 7. c3 d6 8. a4 Bg4 9. h3 Bxf3
{C78: Ruy Lopez: Archangelsk and Möller Defences.} 10. Qxf3 b4 11. a5 {Hoping
for Ba4.} O-O {White is slightly better.} 12. d3 Rb8 {And now ...bxc3 would
win.} 13. Nd2 Na7 14. Bc4 bxc3 15. bxc3 Nb5 16. Nb3 Ba7 $1 {[#]} 17. Bd2 $146 (
{Predecessor:} 17. Bg5 Nxc3 18. Rfc1 Nb5 19. Bd5 Bd4 20. Bxf6 gxf6 21. Ra2 c5
22. Bc4 Kh8 23. Qh5 {0-1 (50) Mastrovasilis,D (2567)-Georgiev,V (2518) Athens
2006}) 17... c6 18. Nc1 d5 19. Bxb5 Rxb5 20. Bg5 h6 21. Bh4 Re8 22. Ne2 (22.
Bxf6 $11 Qxf6 23. Qxf6 gxf6 24. Ne2) 22... Re6 $17 23. Rfb1 dxe4 24. dxe4 Rxa5
25. Rxa5 Qxa5 26. Rb7 Qc5 27. Ng3 {Nf5 is the strong threat.} Qxf2+ $1 28. Qxf2
Bxf2+ 29. Kxf2 {Black must now prevent Bxf6.} g5 {[#]} 30. Bxg5 hxg5 $11 {
[%mdl 4096] Endgame KRN-KRN} 31. Ke3 Ne8 32. Nf5 Nd6 33. Nxd6 (33. Ra7 {
with more complications.} Nc4+ 34. Kd3 Nb2+ 35. Ke2 Na4 36. c4) 33... Rxd6 {
KR-KR} 34. Rb6 a5 35. Ra6 f6 36. Rxa5 Kf7 37. Ra7+ Ke6 38. Rc7 f5 $2 {[%mdl
8192]} ({Better is} 38... c5 $14) 39. exf5+ $18 Kxf5 40. g4+ Kg6 41. Ke4 Kf6
42. Rh7 Re6 $2 (42... Rd1 43. Rh6+ Ke7 44. Rxc6 (44. Kxe5 Rd5+ 45. Ke4 Rc5 $16)
44... Rh1 45. Kxe5 Rxh3 46. Rc7+ Kd8) 43. Rd7 Re8 44. Rc7 Re6 45. Rh7 Kg6 46.
Rd7 Kf6 47. c4 Re8 48. Rc7 Re6 49. c5 Kg6 {If Black can now play ...Kf6 this
consolidates a bit.} 50. Rd7 Kf6 51. Rh7 Kg6 52. Rh8 Kg7 53. Rd8 Kf7 54. Rc8
Ke7 (54... Kg7 $142 55. Ra8 Kf7) 55. Rg8 Kf6 56. Rf8+ Kg7 57. Rf3 Rf6 (57...
Kh6 $142 58. Rf5 Kg6 59. Rxe5 Rf6) 58. Rf5 Rxf5 59. Kxf5 e4 60. Kxe4 {
Threatening mate with Kf5. K3P-KPP} Kf6 61. Kf3 Ke5 $2 {[%mdl 8192] [#]} (61...
Kf7 $11 62. Kg3 Kg6 63. h4 Kf6 64. hxg5+ Kxg5 65. Kf3 Kg6 66. Ke4 Kf6) 62. Kg3
$1 {White mates.} Kd4 63. h4 gxh4+ 64. Kxh4 Kxc5 65. g5 Kd6 {[#]} 66. Kh5 $1 c5
67. g6 Ke7 68. Kh6 {Weighted Error Value: White=0.12/Black=0.47} 1-0

[Event "FIDE Womens Grand Swiss 2021"]
[Site "Riga"]
[Date "2021.10.29"]
[Round "3.6"]
[White "Javakhishvili, Lela"]
[Black "Shuvalova, Polina"]
[Result "1-0"]
[WhiteElo "2446"]
[BlackElo "2509"]
[Annotator "TA"]
[PlyCount "65"]
[EventDate "2021.10.27"]
[EventType "swiss"]
[EventCountry "LAT"]
[Tiebreak "Cut1 Buchholz+Sonneborn-Berger (Swiss)"]
[SourceTitle "playchess.com"]
[Source "ChessBase"]
[SourceQuality "1"]

{[%evp 9,65,32,38,36,29,41,39,31,22,27,20,7,8,0,0,0,0,3,0,-3,10,5,34,31,61,59,
133,41,58,50,135,126,193,183,193,138,214,205,233,202,223,233,218,186,352,356,
407,321,342,316,337,319,670,644,740,729,875,857]} 1. d4 Nf6 2. c4 e6 3. Nf3 d5
4. Nc3 h6 5. g3 Bd6 6. Bg2 {D37: Queen's Gambit Declined: 5 Bf4.} O-O 7. O-O
Nc6 8. b3 {White is slightly better.} dxc4 9. bxc4 e5 10. d5 Na5 {[#]} 11. Qa4
$146 ({Predecessor:} 11. Nd2 b6 12. e4 Ba6 13. Qe2 c6 14. Bb2 Rc8 15. Rfc1 Qe7
16. Bf1 cxd5 17. Nxd5 Nxd5 18. exd5 {0-1 (62) Atalik,E (2430)-Khademalsharieh,
S (2494) Tornelo INT 2020}) 11... b6 12. c5 Bxc5 13. Nxe5 Re8 14. Nd3 Bd7 15.
Qc2 Bf5 16. Bb2 Bd4 17. Rad1 Nc4 (17... Be5 $14) 18. Ba1 (18. Nb5 $16 Nxb2 19.
Nxd4 Bxd3 20. Qxb2) 18... Nd6 19. e3 Bxc3 (19... Be5 $14) 20. Qxc3 $16 Be4 {[#]
} (20... Qe7 $16) 21. f3 $1 $18 {[%cal Rf3e4]} Bxd5 22. e4 (22. Nf4 $18 Bxa2
23. e4) 22... Bc4 (22... Bxa2 $16 {was worth a try.} 23. Nf4 Bc4) 23. Rfe1 {
[%mdl 1024] White has strong compensation.} Qd7 ({Much weaker is} 23... Bxa2
24. Nb4 $18) 24. Nf4 Qc6 ({Much worse is} 24... Bxa2 25. e5 $18) 25. e5 Nb5 26.
Qc1 g5 $2 {[#]} (26... Qc5+ 27. Kh1 Nh7) 27. Nd3 ({Don't take} 27. exf6 Qc5+
28. Kh1 Bxa2 $18) 27... Nd5 28. a4 Nbc3 29. Bxc3 Bb3 30. Ba1 Qxa4 (30... Qxc1
31. Rxc1 c5) 31. Rd2 {White is clearly winning.} c5 32. Nf2 Nb4 33. e6 {
Weighted Error Value: White=0.11/Black=0.39} 1-0

[Event "FIDE Womens Grand Swiss 2021"]
[Site "Riga"]
[Date "2021.10.29"]
[Round "3.7"]
[White "Badelka, Olga"]
[Black "Muzychuk, Mariya"]
[Result "1/2-1/2"]
[WhiteElo "2438"]
[BlackElo "2536"]
[Annotator "ChessBase"]
[PlyCount "86"]
[EventDate "2021.10.27"]
[EventType "swiss"]
[EventCountry "LAT"]
[Tiebreak "Cut1 Buchholz+Sonneborn-Berger (Swiss)"]
[SourceTitle "playchess.com"]
[Source "ChessBase"]
[SourceQuality "1"]
[TimeControl "40/6000+30:20/3000+30:900+30"]

1. Nf3 {[%emt 0:10:05]} d5 {[%emt 0:10:16]} 2. g3 {[%emt 0:00:30]} Nf6 {
[%emt 0:00:26]} 3. Bg2 {[%emt 0:00:17]} c6 {[%emt 0:00:13]} 4. O-O {[%emt 0:01:
26]} Bg4 {[%emt 0:00:40]} 5. h3 {[%emt 0:01:16]} Bh5 {[%emt 0:00:55]} 6. c4 {
[%emt 0:01:50]} e6 {[%emt 0:00:30]} 7. d4 {[%emt 0:02:18]} Nbd7 {[%emt 0:09:27]
} 8. cxd5 {[%emt 0:00:21]} exd5 {[%emt 0:00:18]} 9. Nh4 {[%emt 0:00:11]} Ne4 {
[%emt 0:08:28]} 10. Nc3 {[%emt 0:07:46]} Ndf6 {[%emt 0:02:42]} 11. Qd3 {
[%emt 0:05:35]} Qe7 {[%emt 0:06:50]} 12. Nf5 {[%emt 0:11:40]} Qe6 {[%emt 0:00:
42]} 13. f3 {[%emt 0:00:09]} Nxc3 {[%emt 0:04:28]} 14. bxc3 {[%emt 0:00:05]}
Bg6 {[%emt 0:02:52]} 15. e4 {[%emt 0:00:44]} O-O-O {[%emt 0:00:46]} 16. g4 {
[%emt 0:08:19]} h5 {[%emt 0:08:28]} 17. e5 {[%emt 0:17:21]} Ng8 {[%emt 0:06:02]
} 18. Bg5 {[%emt 0:00:10]} f6 {[%emt 0:17:36]} 19. exf6 {[%emt 0:04:20]} gxf6 {
[%emt 0:01:48]} 20. Rae1 {[%emt 0:01:51]} Qd7 {[%emt 0:00:33]} 21. Bf4 {
[%emt 0:00:32]} Rh7 {[%emt 0:00:55]} 22. h4 {[%emt 0:05:24]} hxg4 {[%emt 0:10:
47]} 23. fxg4 {[%emt 0:00:04]} Bxf5 {[%emt 0:04:28]} 24. gxf5 {[%emt 0:00:05]}
Rxh4 {[%emt 0:00:11]} 25. Qg3 {[%emt 0:01:40]} Rh8 {[%emt 0:00:14]} 26. Re6 {
[%emt 0:02:23]} Bh6 {[%emt 0:01:33]} 27. Bb8 {[%emt 0:05:14]} Bg5 {[%emt 0:04:
12]} 28. Bxa7 {[%emt 0:07:14]} Qc7 {[%emt 0:00:15]} 29. Qxc7+ {[%emt 0:00:21]}
Kxc7 {[%emt 0:00:02]} 30. Rb1 {[%emt 0:00:13]} Ra8 {[%emt 0:03:50]} 31. Bb6+ {
[%emt 0:00:19]} Kd7 {[%emt 0:00:04]} 32. Bc5 {[%emt 0:01:35]} b5 {[%emt 0:00:
27]} 33. c4 {[%emt 0:02:43]} Nh6 {[%emt 0:00:29]} 34. Rd6+ {[%emt 0:10:10]} Kc7
{[%emt 0:00:03]} 35. cxb5 {[%emt 0:02:06]} cxb5 {[%emt 0:00:24]} 36. Bxd5 {
[%emt 0:00:21]} Nxf5 {[%emt 0:00:59]} 37. Rc6+ {[%emt 0:00:22]} Kd7 {[%emt 0:
00:27]} 38. Rxb5 {[%emt 0:01:10]} Rab8 {[%emt 0:05:22]} 39. Rcb6 {[%emt 0:00:
18]} Rxb6 {[%emt 0:00:21]} 40. Rxb6 {[%emt 0:00:03]} Be3+ {[%emt 0:00:13]} 41.
Kg2 {[%emt 0:25:17]} Bxd4 {[%emt 0:22:56]} 42. Rb7+ {[%emt 0:10:37]} Kc8 {
[%emt 0:00:37]} 43. Bxd4 {[%emt 0:00:49]} Rd8 {[%emt 0:06:02]} 1/2-1/2

[Event "FIDE Womens Grand Swiss 2021"]
[Site "Riga"]
[Date "2021.10.29"]
[Round "3.8"]
[White "Abdumalik, Zhansaya"]
[Black "Buksa, Nataliya"]
[Result "1-0"]
[WhiteElo "2507"]
[BlackElo "2409"]
[Annotator "ChessBase"]
[PlyCount "109"]
[EventDate "2021.10.27"]
[EventType "swiss"]
[EventCountry "LAT"]
[Tiebreak "Cut1 Buchholz+Sonneborn-Berger (Swiss)"]
[SourceTitle "playchess.com"]
[Source "ChessBase"]
[SourceQuality "1"]
[TimeControl "40/6000+30:20/3000+30:900+30"]

1. e4 {[%emt 0:10:04]} c5 {[%emt 0:10:50]} 2. Nf3 {[%emt 0:00:07]} Nc6 {
[%emt 0:00:19]} 3. Bb5 {[%emt 0:00:09]} g6 {[%emt 0:00:06]} 4. O-O {[%emt 0:00:
11]} Bg7 {[%emt 0:00:03]} 5. Re1 {[%emt 0:00:11]} e5 {[%emt 0:00:06]} 6. b4 {
[%emt 0:00:41]} Nxb4 {[%emt 0:00:05]} 7. Bb2 {[%emt 0:00:27]} a6 {[%emt 0:00:
03]} 8. a3 {[%emt 0:00:22]} axb5 {[%emt 0:00:04]} 9. axb4 {[%emt 0:00:06]} Rxa1
{[%emt 0:00:04]} 10. Bxa1 {[%emt 0:00:10]} d6 {[%emt 0:00:26]} 11. bxc5 {
[%emt 0:00:18]} Ne7 {[%emt 0:00:12]} 12. Qe2 {[%emt 0:00:15]} b4 {[%emt 0:10:
01]} 13. Qc4 {[%emt 0:00:37]} Qa5 {[%emt 0:06:51]} 14. cxd6 {[%emt 0:00:07]}
Nc6 {[%emt 0:01:03]} 15. d4 {[%emt 0:06:09]} Qxa1 {[%emt 0:11:22]} 16. d5 {
[%emt 0:00:11]} Na7 {[%emt 0:00:03]} 17. Qc7 {[%emt 0:04:31]} Bd7 {[%emt 0:11:
23]} 18. Qxb7 {[%emt 0:11:06]} Nc8 {[%emt 0:24:37]} 19. Qxb4 {[%emt 0:07:08]}
Qa6 {[%emt 0:00:03]} 20. c4 {[%emt 0:02:01]} Nxd6 {[%emt 0:03:48]} 21. c5 {
[%emt 0:04:00]} Nc8 {[%emt 0:01:56]} 22. c6 {[%emt 0:05:00]} Bg4 {[%emt 0:00:
04]} 23. h3 {[%emt 0:01:58]} Bxf3 {[%emt 0:01:21]} 24. Qb7 {[%emt 0:00:16]} Qa7
{[%emt 0:08:16]} 25. Qxc8+ {[%emt 0:24:42]} Ke7 {[%emt 0:00:02]} 26. Qb7+ {
[%emt 0:00:08]} Qxb7 {[%emt 0:00:04]} 27. cxb7 {[%emt 0:00:05]} Bxg2 {[%emt 0:
04:48]} 28. Kxg2 {[%emt 0:00:18]} Rb8 {[%emt 0:00:03]} 29. Nd2 {[%emt 0:04:00]}
Rxb7 {[%emt 0:00:14]} 30. Ra1 {[%emt 0:01:15]} f5 {[%emt 0:09:23]} 31. Ra6 {
[%emt 0:02:59]} Kd7 {[%emt 0:03:00]} 32. Nc4 {[%emt 0:05:11]} Bh8 {[%emt 0:03:
37]} 33. exf5 {[%emt 0:01:11]} gxf5 {[%emt 0:00:05]} 34. Nd6 {[%emt 0:00:09]}
Rc7 {[%emt 0:01:48]} 35. Nxf5 {[%emt 0:00:15]} e4 {[%emt 0:00:20]} 36. Rd6+ {
[%emt 0:00:25]} Kc8 {[%emt 0:01:01]} 37. Re6 {[%emt 0:00:14]} Kd8 {[%emt 0:00:
03]} 38. Rxe4 {[%emt 0:01:43]} Rd7 {[%emt 0:00:15]} 39. Ne3 {[%emt 0:01:00]}
Bf6 {[%emt 0:00:06]} 40. f4 {[%emt 0:00:19]} Ra7 {[%emt 0:01:34]} 41. Kf3 {
[%emt 0:50:32]} Ra3 {[%emt 0:23:56]} 42. Kg4 {[%emt 0:00:00]} Rd3 {[%emt 0:00:
04]} 43. h4 {[%emt 0:00:00]} Bc3 {[%emt 0:03:49]} 44. Re6 {[%emt 0:00:00]} Bd2
{[%emt 0:03:30]} 45. Rd6+ {[%emt 0:00:00]} Ke8 {[%emt 0:03:54]} 46. Nc4 {
[%emt 0:00:00]} Bb4 {[%emt 0:05:54]} 47. Rb6 {[%emt 0:00:00]} Bc5 {[%emt 0:00:
03]} 48. Rb8+ {[%emt 0:00:00]} Ke7 {[%emt 0:00:07]} 49. Rb7+ {[%emt 0:00:00]}
Ke8 {[%emt 0:02:16]} 50. Rxh7 {[%emt 0:00:00]} Rd4 {[%emt 0:00:23]} 51. Ne5 {
[%emt 0:00:00]} Rxd5 {[%emt 0:00:18]} 52. Kf5 {[%emt 0:00:00]} Rd1 {[%emt 0:00:
37]} 53. h5 {[%emt 0:00:02]} Kf8 {[%emt 0:01:19]} 54. h6 {[%emt 0:01:32]} Bd4 {
[%emt 0:00:58]} 55. Rd7 {[%emt 0:01:18]} 1-0

[Event "FIDE Womens Grand Swiss 2021"]
[Site "Riga"]
[Date "2021.10.29"]
[Round "3.9"]
[White "Kashlinskaya, Alina"]
[Black "Cyfka, Karina"]
[Result "1-0"]
[WhiteElo "2493"]
[BlackElo "2409"]
[Annotator "TA"]
[PlyCount "95"]
[EventDate "2021.10.27"]
[EventType "swiss"]
[EventCountry "LAT"]
[Tiebreak "Cut1 Buchholz+Sonneborn-Berger (Swiss)"]
[SourceTitle "playchess.com"]
[Source "ChessBase"]
[SourceQuality "1"]

{[%evp 11,95,24,24,20,28,-22,32,27,33,25,25,25,25,24,24,24,21,30,27,0,18,28,25,
24,121,119,192,204,205,191,187,169,289,256,253,247,240,233,251,145,110,9,9,9,9,
9,9,0,9,9,8,7,451,443,448,453,454,451,464,460,468,464,462,451,457,450,447,305,
443,447,464,455,545,518,575,566,558,558,454,451,631,627,734,718,868,847]} 1. d4
Nf6 2. c4 e6 3. Nf3 d5 4. Nc3 c5 5. cxd5 cxd4 6. Qxd4 exd5 7. e4 {[%cal Re4d5]
D41: Queen's Gambit Declined: Semi-Tarrasch with 5 cxd5.} dxe4 8. Qxd8+ Kxd8 9.
Ng5 {White is slightly better.} Be6 10. Nxe6+ fxe6 11. Bg5 Ke8 {11...Nc6 is
the modern continuation.} 12. Bb5+ {is the legacy move (12.0-0-0).} Kf7 13.
O-O-O a6 14. Ba4 b5 15. Bb3 Nc6 16. Bxf6 gxf6 17. Nxe4 {[#]} Ne5 $146 (17...
Rd8 $11) ({Predecessor:} 17... Rd8 18. Rxd8 Nxd8 19. f4 f5 20. Ng5+ Kf6 21. Rd1
Be7 22. Rd7 h6 23. Nf3 Nc6 24. Rc7 Na5 25. Rc3 Bd6 26. g3 Nxb3+ 27. Rxb3 Rc8+
28. Kd2 Rc6 {1/2-1/2 (28) Perry,R (2258)-Tedesco,M (2278) ICCF email 2018}) 18.
Kb1 $36 {[%mdl 2048] White is really pushing.} Rc8 (18... h5 $16) 19. f4 $18
Nc4 20. Rd7+ Kg6 21. g4 h5 (21... Bc5 $142 22. h4 h5) 22. Bc2 {White wants to
mate with Nxf6+!} hxg4 {White must now prevent ...f5.} 23. Nd6+ {[%mdl 64]
Discovered Attack} f5 24. Nxc8 {Bb3 is the strong threat.} Bc5 25. Re1 Kf6 $16
26. Na7 (26. Rc7 $16 Bb4 27. Re2) 26... Rxh2 $11 27. Nc6 g3 $1 28. Nd8 {
[%csl Gd8][%cal Re1e6]} Be3 29. Rf7+ Kg6 {aiming for ...g2.} 30. Rf8 Nd2+ 31.
Ka1 Nc4 $2 {[%mdl 8192] [#] This move loses the game for Black.} (31... g2 $1
$11 {and Black is okay.} 32. Nxe6 Ne4) 32. Bd3 $1 $18 g2 {Threatens to win
with ...Rh1!} 33. Nxe6 Nd6 {[#]} 34. Rg8+ $1 Kf6 35. Rxe3 Rh1+ 36. Bb1 g1=Q 37.
Rxg1 Rxg1 38. Ng5 {Hoping for Re6+.} Nc4 39. Re6+ Kg7 {If Black can now play ..
.Nd2 this consolidates a bit.} 40. Re2 {White is clearly winning.} Rd1 {
and the idea ...Nd2 leaves Black hopeful.} 41. Nf3 Rf1 42. Nd4 Kf6 43. Nxf5
Rxf4 44. Ne3 Nb6 45. a3 a5 46. Rc2 Ke5 47. Rc5+ {[%mdl 64] Double Attack} Kd4
48. Rxb5 {[%mdl 64] Double Attack.  Weighted Error Value: White=0.07/Black=0.35
} 1-0

[Event "FIDE Womens Grand Swiss 2021"]
[Site "Riga"]
[Date "2021.10.29"]
[Round "3.10"]
[White "Sukandar, Irine Kharisma"]
[Black "Saduakassova, Dinara"]
[Result "1/2-1/2"]
[WhiteElo "2406"]
[BlackElo "2491"]
[Annotator "TA"]
[PlyCount "61"]
[EventDate "2021.10.27"]
[EventType "swiss"]
[EventCountry "LAT"]
[Tiebreak "Cut1 Buchholz+Sonneborn-Berger (Swiss)"]
[SourceTitle "playchess.com"]
[Source "ChessBase"]
[SourceQuality "1"]

{[%evp 16,61,0,3,0,0,5,4,6,6,5,6,6,6,6,6,10,10,10,0,0,0,0,-34,0,0,0,-3,11,13,
18,16,16,15,22,22,22,0,20,0,0,0,0,0,0,0,0,0]} 1. e4 e5 2. Nf3 Nc6 3. d4 exd4 4.
Nxd4 Nf6 5. Nc3 Bb4 6. Nxc6 bxc6 7. Bd3 d5 8. Bd2 O-O 9. O-O Bxc3 {C47: Scotch
Four Knights and Four Knights with 4 g3.} 10. Bxc3 dxe4 11. Bxf6 Qxf6 12. Bxe4
Qxb2 13. Bxc6 Rb8 14. Rb1 Qxb1 15. Qxb1 Rxb1 16. Rxb1 $11 {[%mdl 4096] Endgame
KRB-KRB} Rd8 {[#]} 17. h3 $146 ({Predecessor:} 17. Bf3 Kf8 18. Rb8 Re8 19. h4
Bf5 20. Rb7 Bxc2 21. Rxc7 Be4 22. Rxa7 Bxf3 23. gxf3 {1/2-1/2 (48) Andreikin,D
(2728)-Matlakov,M (2682) Ufa 2021}) 17... Kf8 18. Be4 Ke7 19. Bd3 ({Reject} 19.
Bxh7 g6 $17) 19... Rd6 20. Rb3 {The position is equal.} ({Don't play} 20. Bxh7
g6 $17) 20... h6 21. Kf1 Rb6 22. Ra3 a6 23. Ke2 Bb7 24. f3 Bd5 25. Ra5 Bb7 26.
Ra3 Bd5 27. Rxa6 Rxa6 28. Bxa6 Bxa2 29. Ke3 Kd6 30. Kd4 c5+ 31. Ke4 {A rather
calm draw.  Weighted Error Value: White=0.05/Black=0.03} 1/2-1/2